Report Of The Finance Committee On Internal Revenue Bill 2000 (Record no. 2655)

MARC details
000 -LEADER
fixed length control field 00405nam a2200145Ia 4500
008 - FIXED-LENGTH DATA ELEMENTS--GENERAL INFORMATION
fixed length control field 240429s9999||||xx |||||||||||||| ||und||
041 ## - LANGUAGE CODE
Language code of text/sound track or separate title eng
082 ## - DEWEY DECIMAL CLASSIFICATION NUMBER
Classification number BR/IRB/00
100 ## - MAIN ENTRY--PERSONAL NAME
Personal name Parliament of Ghana
245 #0 - TITLE STATEMENT
Title Report Of The Finance Committee On Internal Revenue Bill 2000
300 ## - PHYSICAL DESCRIPTION
Extent 30p
650 ## - SUBJECT ADDED ENTRY--TOPICAL TERM
Topical term or geographic name entry element Report Of The Finance Committee On Internal Revenue Bill 2000
942 ## - ADDED ENTRY ELEMENTS (KOHA)
Koha item type Bills From Committees
Holdings
Withdrawn status Lost status Damaged status Not for loan Home library Current library Shelving location Date acquired Total checkouts Full call number Date last seen Copy number Price effective from Koha item type
        Main Library Main Library Open Shelves 20/02/2023   BR/IRB/00 7729 29/04/2024 1 29/04/2024 Bills From Committees
©2026  Parliament of Ghana Library - All rights reserved